Efficiency and productivity in small scale leather industry / (Record no. 42875)

MARC details
000 -LEADER
fixed length control field 00800nam a22002177a 4500
005 - DATE AND TIME OF LATEST TRANSACTION
control field 20100821125025.0
010 ## - LCCN (DPL NO)
LC control number ENG-101174
020 ## - INTERNATIONAL STANDARD BOOK NUMBER
International Standard Book Number 9788189840792
Terms of availability 150.00
035 ## - SYSTEM CONTROL NUMBER
System control number EN-84707
037 ## - SOURCE OF ACQUISITION
Source of stock number/acquisition DBAD/PUB
082 ## - DEWEY DECIMAL CLASSIFICATION NUMBER
Classification number 685.31
100 ## - MAIN ENTRY--PERSONAL NAME
Personal name Niranjana, S.
245 ## - TITLE STATEMENT
Title Efficiency and productivity in small scale leather industry /
Statement of responsibility, etc by S. Niranjana
260 ## - PUBLICATION, DISTRIBUTION, ETC. (IMPRINT)
Place of publication, distribution, etc Erode
Name of publisher, distributor, etc Pallavi Pathippagam S. India
Date of publication, distribution, etc 2008
270 ## - ADDRESS
Address 194, Kanna Complex, Mettur Road
City Erode
Postal code 11
300 ## - PHYSICAL DESCRIPTION
Extent 104p.
Dimensions 20cm (pbk)
500 ## - GENERAL NOTE
General note Includes bibliographical references
650 ## - SUBJECT ADDED ENTRY--TOPICAL TERM
Topical term or geographic name as entry element Leather industry
942 ## - ADDED ENTRY ELEMENTS (KOHA)
Source of classification or shelving scheme Dewey Decimal Classification
Item type English Books
Classification part 685.31
Call number suffix NIR
Holdings
Withdrawn status Lost status Not for loan Collection code Home library Current library Date acquired Source of acquisition Cost, normal purchase price Full call number Barcode Copy number Cost, replacement price Koha item type
    Not For Loan Non-fiction D.B.Act.Division D.B.Act.Division 21/08/2010 DBAD/PUB 150.00 685.31 NIR EN-84707 1 150.00 English Books

© Delhi Public Library
Hit Counter
free hit counter